Applied research methods in urban and regional planning (Record no. 394368)
[ view plain ]
| 000 -LEADER | |
|---|---|
| fixed length control field | 00554 a2200205 4500 |
| 005 - DATE & TIME | |
| control field | 20260319101704.0 |
| 008 - FIXED-LENGTH DATA ELEMENTS--GENERAL INFORMATION | |
| fixed length control field | 260318b |||||||| |||| 00| 0 eng d |
| 020 ## - ISBN | |
| International Standard Book Number | 9783031778643 |
| Price | Rs. 2595.00 |
| 040 ## - CATALOGING SOURCE | |
| Original cataloging agency | VIVEKANANDA LIBRARY |
| 082 ## - DDC NUMBER | |
| Classification number | 300.72 |
| Book Number | L613A |
| 100 ## - MAIN ENTRY--PERSONAL NAME | |
| Personal name | Li, Yanmei |
| 245 ## - TITLE STATEMENT | |
| Title | Applied research methods in urban and regional planning |
| 260 ## - PUBLICATION, DISTRIBUTION, ETC. (IMPRINT) | |
| Name of publisher, distributor, etc | Springer Nature |
| Date of publication, distribution, etc | 2025 |
| Place of publication, distribution, etc | Switzerland |
| 300 ## - PHYSICAL DESCRIPTION | |
| Pages | xiii, 362 |
| 650 ## - Subject | |
| Subject | Social Science |
| 650 ## - Subject | |
| Subject | Research Methods |
| 650 ## - Subject | |
| Subject | Urban Planning |
| 700 ## - Added Entry Personal Name | |
| Added Entry Personal Name | Zhang, Sumei |
| 942 ## - ADDED ENTRY ELEMENTS (KOHA) | |
| Koha item type | Books |
| Withdrawn status | Lost status | Source of classification or shelving scheme | Damaged status | Not for loan | Location (home branch) | Sublocation or collection (holding branch) | Shelving location | Date acquired | Koha issues (times borrowed) | Koha full call number | Accession No. | Koha date last seen | Koha item type |
|---|---|---|---|---|---|---|---|---|---|---|---|---|---|
| Dewey Decimal Classification | VIVEKANANDA LIBRARY | VIVEKANANDA LIBRARY | Vivekananda Library | 27/01/2026 | 300.72 L613A | 444671 | 27/01/2026 | Books |
